Vstup SR do EÚ a jeho vplyv na daňovú politiku a daňovú legislatívu SR

Vstup Slovenska do EÚ je podmienený prijatím európskeho systému pravidiel. Nevyhnutná je koordinácia daňovej politiky a daňovej legislatívy. V procese aproximácie európskeho daňového práva v podmienkach SR bude nevyhnutné harmonizovať daň z pridanej hodnoty a spotrebné dane so smernicami EÚ. Základn...

Ausführliche Beschreibung

Gespeichert in:
Bibliographische Detailangaben
1. Verfasser: Kovencová, Katarína
Format: Buchkapitel
Sprache:Slowakisch
Schlagworte:
Tags: Tag hinzufügen
Keine Tags, Fügen Sie das erste Tag hinzu!

MARC

LEADER 00000naa$a2200000$$$4500
001 0022126
005 20220927142527.0
041 0 |a slo 
044 |a SK 
245 1 0 |a Vstup SR do EÚ a jeho vplyv na daňovú politiku a daňovú legislatívu SR  |c Katarína Kovencová 
520 |a Vstup Slovenska do EÚ je podmienený prijatím európskeho systému pravidiel. Nevyhnutná je koordinácia daňovej politiky a daňovej legislatívy. V procese aproximácie európskeho daňového práva v podmienkach SR bude nevyhnutné harmonizovať daň z pridanej hodnoty a spotrebné dane so smernicami EÚ. Základné a znížené sadzby DPH uplatňované v členských štátoch EÚ. Porovnanie sadzieb spotrebnej dane z minerálnych olejov, z liehu, z tabaku, z piva, z vína s minimálnymi sadzbami v EÚ v roku 2002. 
610 2 0 |a politika daňová 
610 2 0 |a legislatíva 
610 2 0 |a aproximácia práva 
610 2 0 |a dane z hodnoty pridanej 
610 2 0 |a dane spotrebné 
610 2 0 |a Slovensko 
610 2 0 |a Európska únia 
100 1 |a Kovencová, Katarína